[Event "FRA-ch U18 Girls"]
[Site "Saint Paul Trois Chateaux"]
[Date "2013.04.30"]
[Round "3"]
[White "Gely, Lilas"]
[Black "Sriskantharajah, Niruja"]
[Result "0-1"]
[WhiteElo "1528"]
[BlackElo "1663"]
[PlyCount "125"]
[EventDate "2013.04.28"]
[EventType "swiss"]
[EventRounds "9"]
[EventCountry "FRA"]
[SourceTitle "CBM 154 Extra"]
[Source "ChessBase"]
[SourceDate "2013.06.25"]
[SourceVersion "2"]
[SourceVersionDate "2013.06.25"]
[SourceQuality "1"]

1. e4 e6 2. d4 d5 3. exd5 exd5 4. c4 c6 5. Nf3 Nf6 6. Nc3 Be7 7. Bd3 0-0 8. 0-0 Bg4 9. Bf4 Bxf3 10. Qxf3 dxc4 11. Bxc4 Qxd4 12. Bb3 Qb6 13. Bg5 Nbd7 14. Rfe1 Bb4 15. Rad1 Qc7 16. Re2 Rae8 17. Ne4 Nxe4 18. Rxe4 Rxe4 19. Qxe4 Bc5 20. Bc2 g6 21. Bh6 Rd8 22. Bb3 Nf6 23. Rxd8+ Qxd8 24. Qc4 Qe7 25. g3 Nd5 26. Qg4 Qe1+ 27. Kg2 Qxf2+ 28. Kh3 Qf1+ 29. Kh4 Be7+ 30. Bg5 Bxg5+ 31. Qxg5 Qf6 32. Qxf6 Nxf6 33. Kg5 Kg7 34. Kf4 Nd7 35. Bc4 Kf6 36. h3 h6 37. Ke4 Ke7 38. b3 f5+ 39. Kd4 g5 40. Bd3 Kf6 41. a3 Ne5 42. Be2 b6 43. b4 Ke6 44. a4 Kd6 45. Bd1 Nd7 46. Bc2 Ke6 47. Bb3+ Kf6 48. Bc2 Ne5 49. Bd1 g4 50. h4 Nd7 51. Be2 Ke6 52. Bc4+ Kd6 53. Bd3 Ke6 54. Bc4+ Kf6 55. Bd3 Nf8 56. Bc4 Ne6+ 57. Ke3 Ke5 58. Bxe6 Kxe6 59. Kd4 c5+ 60. bxc5 bxc5+ 61. Kxc5 f4 62. Kd4 f3 63. Ke3 0-1